| 000 -LEADER |
| fixed length control field |
01270nam a22001817a 4500 |
| 020 ## - INTERNATIONAL STANDARD BOOK NUMBER |
| ISBN |
9781265167691 (ebk) |
| 082 ## - DEWEY DECIMAL CLASSIFICATION NUMBER |
| Classification number |
657.83500973 |
| Item number |
C784 2024 |
| 100 ## - MAIN ENTRY--AUTHOR NAME |
| Personal name |
Copley, Paul A., author |
| 245 ## - TITLE STATEMENT |
| Title |
Essentials of accounting for governmental and not-for-profit organitations / Paul A. Copley, Ph. D., CPA, CFGM, Professor, School of Accounting, James Madison University. |
| 250 ## - EDITION STATEMENT |
| Edition statement |
15th edition. |
| 260 ## - PUBLICATION, DISTRIBUTION, ETC. (IMPRINT) |
| Place of publication |
New York, NY : |
| Name of publisher |
McGraw Hill LLC, |
| Year of publication |
2024. |
| 300 ## - PHYSICAL DESCRIPTION |
| Number of Pages |
1 online resource, xiii, 432, G-12, I-17 pages : |
| Other physical details |
illustrations. |
| 500 ## - GENERAL NOTE |
| General note |
Includes index. |
| 520 ## - SUMMARY, ETC. |
| Summary, etc |
Thank you for considering the fourteenth edition of Essentials of Accounting for Governmental and Not-for-Profit Organizations. The focus of the text is on the preparation of external financial statements. The coverage is effective in preparing candidates for the CPA examination. I have used the text with traditional three-semester-hour classes, with half-semester GNP courses, and as a module in advanced accounting classes. It is appropriate for accounting majors or as part of a public administration program"--Provided by publisher |
| 650 ## - SUBJECT ADDED ENTRY--TOPICAL TERM |
| Topical Term |
Administrative agencies- United States- Accounting. |
| 650 ## - SUBJECT ADDED ENTRY--TOPICAL TERM |
| Topical Term |
Nonprofit organizations- United States-Accounting. |
| 942 ## - ADDED ENTRY ELEMENTS (KOHA) |
| Koha item type |
Electronic Books |